Obchodovanie s emisnými kvotami v EÚ
Systém obchodovania s emisnými kvótami (EU ETS) je základom politiky EÚ v oblasti boja proti zmene klímy a zároveň kľúčovým nástrojom na znižovanie emisií skleníkových plynov nákladovo efektívnym spôsobom. Systém funguje na základe zásady „Strop a obchod“. Stanoví sa strop pre celkové množstvo sklen...
Na minha lista:
| Autor principal: | |
|---|---|
| Formato: | Capítulo de Livro |
| Idioma: | eslovaco |
| Assuntos: | |
| Tags: |
Sem tags, seja o primeiro a adicionar uma tag!
|
MARC
| LEADER | 00000naa$a2200000$$$4500 | ||
|---|---|---|---|
| 001 | 0267238 | ||
| 005 | 20240502074209.6 | ||
| 041 | 0 | |a slo | |
| 044 | |a SK | ||
| 245 | 1 | 0 | |a Obchodovanie s emisnými kvotami v EÚ |c Michal Stričík |
| 520 | |a Systém obchodovania s emisnými kvótami (EU ETS) je základom politiky EÚ v oblasti boja proti zmene klímy a zároveň kľúčovým nástrojom na znižovanie emisií skleníkových plynov nákladovo efektívnym spôsobom. Systém funguje na základe zásady „Strop a obchod“. Stanoví sa strop pre celkové množstvo skleníkových plynov, ktoré môžu byť emitované zariadeniami, ktoré pokrýva systém. | ||
| 610 | 2 | 0 | |a prostredie životné |
| 610 | 2 | 0 | |a potraviny |
| 610 | 2 | 0 | |a klimatológia |
| 610 | 2 | 0 | |a biomasa |
| 100 | 1 | |a Stričík, Michal, 1969- | |